| 000 | 00500nam a2200157Ia 4500 | ||
|---|---|---|---|
| 003 | LK-CoDNM | ||
| 008 | 010623t2004 xxu||||| |||| 00| 1 sin d | ||
| 040 |
_aLK-CoDNM _dLK-CoDNM _eLK-CoDNM |
||
| 041 | _asin | ||
| 080 |
_a351.78 _bDAR |
||
| 245 | _aදරු-දැරියන්ගේ මාර්ග නීති අත්පොත | ||
| 246 | _aDaru dariyange maarga neethi athpotha | ||
| 260 |
_bRathawahana police muulasthanaya _aColombo 01 _c2004 |
||
| 300 | _b(xvii)43, 20.5 cm | ||
| 942 | _cBK | ||
| 999 |
_c123778 _d123778 |
||